00247nam a2200109Ia 4500020001900000100002000019245002100039082001100060942000800071008004100079999001700120 a9780799376951" aDU PLESSIS RIKA 0aEINDELOSE LIEFDE aAF DUP cBK 210805s9999 xx 000 0 und d c56527d56526